Canadian Groups of Things - Statistics

General Stats
  • This quiz has been taken 36 times
  • The average score is 30 of 48
Answer Stats
Hint Answer % Correct
Largest Cities Toronto
100%
Largest Cities Montreal
97%
Most Populous Provinces Quebec
97%
Largest Cities Vancouver
97%
Last 4 Prime Ministers Justin Trudeau
94%
Most Populous Provinces Ontario
94%
Largest Cities Calgary
91%
Most Spoken Languages English
91%
Most Spoken Languages French
91%
Most Populous Provinces British Columbia
89%
Largest Cities Edmonton
89%
Most Populous Provinces Alberta
83%
MLB/NBA/NHL Teams Toronto Maple Leafs
80%
MLB/NBA/NHL Teams Edmonton Oilers
77%
Main Bodies of Water Atlantic Ocean
74%
Main Bodies of Water Pacific Ocean
74%
MLB/NBA/NHL Teams Montreal Canadiens
71%
Olympic Years 1976
69%
Olympic Years 2010
66%
Main Bodies of Water Arctic Ocean
66%
Highest Grossing Canadian Musicians Justin Bieber
66%
Largest Islands Baffin Island
63%
MLB/NBA/NHL Teams Calgary Flames
63%
Highest Grossing Canadian Musicians Drake
63%
Main Bodies of Water Hudson Bay
63%
MLB/NBA/NHL Teams Toronto Blue Jays
63%
MLB/NBA/NHL Teams Vancouver Canucks
63%
MLB/NBA/NHL Teams Winnipeg Jets
63%
MLB/NBA/NHL Teams Toronto Raptors
60%
Olympic Years 1988
57%
Highest Grossing Canadian Musicians Celine Dion
57%
Most Spoken Languages Mandarin
57%
MLB/NBA/NHL Teams Ottawa Senators
57%
Largest Lakes Entirely in Canada Winnipeg Lake
54%
Largest Lakes Entirely in Canada Great Slave Lake
49%
Last 4 Prime Ministers Mark Carney
49%
Largest Islands Newfoundland
49%
Largest Lakes Entirely in Canada Great Bear Lake
46%
Largest Islands Victoria Island
46%
Largest Islands Ellesmere Island
43%
Last 4 Prime Ministers Stephen Harper
40%
"The Big Four" Canadian Banks Royal Bank of Canada
31%
"The Big Four" Canadian Banks Bank of Nova Scotia
26%
"The Big Four" Canadian Banks Toronto-Dominion Bank
26%
Main Bodies of Water Labrador Sea
23%
Highest Grossing Canadian Musicians The Weeknd
23%
"The Big Four" Canadian Banks Bank of Montreal
20%
Last 4 Prime Ministers Paul Martin
11%
No matching quizzes found
Score Distribution
Percent of People with Each Score
Percentile by Number Answered
Your Score History
You have not taken this quiz